000 00841nam a2200265 a 4500
001 63943
003 BD-RjUL
005 20211209081244.0
008 170205s1940 enkbef b 000 0 eng d
035 _aBD-RjUL 64073
040 _aDLC
_cBBH
_dSER
_dEQO
_dBD-RjUL
_beng
041 _aeng
082 _a946.01
_223
_bDII 1940
100 1 _aDixon, Pierson,
_d1904-1965.
_9189868
245 1 4 _aThe Iberians of Spain and their relations with the Aegean world /
_cby Pierson Dixon.
260 _aLondon :
_bOxford University Press, H. Milford,
_c1940.
300 _axi, 159 p. :
_bill. ;
_c20 cm.
500 _aIncludes index.
504 _aBibliography : p. [151]-155.
650 0 _aIberians.
_9189869
651 0 _aSpain
_xAntiquities
_9189870
651 0 _aSpain
_xHistory
_yTo 218 B.C.
_9189871
942 _2ddc
_cBK
999 _c63943
_d63943